[Event "Irish International Open 2019"]
[Site "Dublin"]
[Date "2019.04.17"]
[Round "1.22"]
[White "Farrelly, Eoin"]
[Black "Han, Yichen"]
[Result "0-1"]
[WhiteElo "1644"]
[BlackElo "2190"]
[Annotator "TA"]
[PlyCount "81"]
[EventDate "2019.02.28"]
[EventType "swiss"]
[EventCountry "IRL"]
[SourceTitle "playchess.com"]
[Source "ChessBase"]
[SourceQuality "1"]

{[%evp 18,81,24,6,40,22,41,8,38,32,37,36,34,0,0,4,20,0,0,-2,0,-134,-112,-152,-134,-154,-131,-143,-147,-147,-151,-144,-153,-149,-143,-273,-137,-301,-279,-253,-65,-65,-50,-118,-117,-107,-58,-88,-94,-98,-41,-141,-8,-483,-472,-456,-446,-814,-811,-1582,-1553,-1503,-1492,-1468,-1422,-1381]} 1. d4 Nf6 2. c4 g6 3. Nc3 Bg7 4. e4 d6 5. f3 O-O 6. Be3 c5 7. d5 e6 8. Qd2 exd5 9. cxd5 a6 10. a4 h5 {A65: Modern Benoni: 6 e4} 11. Be2 (11. Nge2 Nbd7 12. Nc1 Ne5 13. Be2 Nh7 14. h3 f5 15. f4 Nf7 16. exf5 gxf5 17. O-O Nf6 18. Bf2 Bd7 19. a5 Bb5 20. Re1 {0-1 (43) Korobov,A (2652)-Amin,B (2693) Wijk aan Zee 2018}) 11... Re8 12. Bh6 Bh8 $146 {The position is equal.} ({Predecessor:} 12... Bxh6 13. Qxh6 Nh7 14. a5 Qh4+ 15. g3 Qd8 16. Kf1 Nd7 17. Nh3 Ne5 18. Nf2 b5 19. axb6 Qxb6 {0-1 (54) Schaefer,U-Jacobs,R GER email 2008}) 13. a5 Nh7 14. Bf4 Qe7 15. Na4 {Black should prevent Nb6.} Nd7 {[%cal Bb8d7,Bd7e5,Be5d3][%mdl 32]} 16. Nh3 Rb8 17. Nf2 f5 {aiming for ...g5.} 18. Be3 Nhf6 {[%cal Rf5e4]} 19. Bd3 (19. Nc3 $11) 19... Ne5 20. Bg5 Nxd3+ 21. Qxd3 fxe4 22. fxe4 Qe5 23. Bxf6 Bxf6 24. O-O {[#]} Bd7 $1 {[%cal Rd7b5] Strongly threatening ...Bb5.} 25. Nc3 Rf8 26. Nh3 (26. Kh1 $17) 26... Bg7 ({Black should play} 26... Qd4+ $19 27. Nf2 Be5) 27. Qe3 $2 (27. Kh1 $17 {was called for.}) 27... Rxf1+ $19 28. Rxf1 Rf8 $2 (28... Qd4 $19 29. Qxd4 cxd4) 29. Rxf8+ $15 Bxf8 30. Nf4 ({Better is} 30. Ng5 $15) 30... Bh6 $17 31. g3 Kh7 32. Qf2 Bg7 33. Nd3 Qe7 (33... Qd4 $17 34. Qxd4 Bxd4+ 35. Kg2 Kg7) 34. Qe1 (34. e5 $1 $15) 34... Qf7 (34... Qd8 $17 35. Qf1 Bd4+ 36. Kg2 Qe7) 35. Qe2 $2 {[%mdl 8192]} (35. e5 $11 {and White has nothing to worry.} Bg4 36. h3 Bxh3 37. exd6) 35... Bd4+ {Black is clearly winning.} 36. Nf2 Bg4 37. Qf1 (37. Qd2 $142 Qf3 38. Kf1) 37... Qf3 $19 {Threatens to win with ...Bh3!} 38. Qg2 {[#]} Qe3 $1 {[%mdl 512] ( -> ...Qe1+)} 39. Qf1 h4 40. gxh4 Bh3 41. Ncd1 {Accuracy: White = 19%, Black = 44%.} 0-1

[Event "Irish International Open 2019"]
[Site "Dublin"]
[Date "2019.04.17"]
[Round "1.23"]
[White "Menzies, Colin"]
[Black "Putar, Lara"]
[Result "1-0"]
[WhiteElo "2183"]
[BlackElo "1641"]
[Annotator "TA"]
[PlyCount "125"]
[EventDate "2019.02.28"]
[EventType "swiss"]
[EventCountry "IRL"]
[SourceTitle "playchess.com"]
[Source "ChessBase"]
[SourceQuality "1"]

{[%evp 9,125,33,37,3,12,7,21,14,47,42,73,62,72,70,81,38,35,-34,-29,-34,-29,-41,-29,-25,-17,-24,-25,-56,-54,-99,0,-7,-7,-7,-8,-21,-13,-12,0,-28,8,-80,0,0,0,0,0,0,45,45,45,45,166,122,177,180,287,280,377,338,528,492,466,444,2021,1881,1727,1724,29960,29959,29964,29965,29966,29966,29970,29967,29968,29969,29972,29974,29972,29973,29978,29979,29979,29980,29980,29981,29981,29982,29982,29983,29983,29983,29983,29984,29984,29985,29985,29986,29987,29988,29988,29988,29991,29992,29992,29992,29992,29990,29990,29991,29991,29992,29995,29996,29996,29994]} 1. d4 d5 2. c4 c6 3. Nc3 Nf6 4. Nf3 g6 5. e3 Bg7 6. a4 {D94: Grünfeld: 4 Nf3 Bg7 5 e3} (6. Be2 O-O 7. O-O Bg4 8. cxd5 Nxd5 9. h3 Bxf3 10. Bxf3 e6 11. e4 Nb6 12. e5 N8d7 13. Ne4 Qc7 14. Be3 c5 15. Rc1 Nd5 16. Nxc5 Nxe3 17. fxe3 Nxc5 18. Rxc5 {½-½ (164) So,W (2780)-Nakamura,H (2777) chess.com INT 2018}) 6... O-O 7. Be2 Bf5 $146 ({Predecessor:} 7... dxc4 8. Bxc4 a5 9. Qb3 e6 10. O-O b6 11. Rd1 Ba6 12. e4 Qc8 13. e5 Bxc4 14. Qxc4 Nd5 {1-0 (48) Shamima,A (2141)-Sultana,S (1943) Dhaka 2017}) 8. O-O {The position is equal.} Nbd7 9. Qb3 {[%cal Rc4d5]} Rb8 10. cxd5 Nxd5 11. Nxd5 Be6 {[%mdl 64] [#] Pin} 12. Bc4 {Nc3 is the strong threat.} cxd5 13. Bxd5 ({White should try} 13. Be2 $14) 13... Nc5 $1 $15 {[%cal Rc5b3]} 14. dxc5 Bxd5 15. Qb4 a5 16. Qf4 Bxf3 17. Qxf3 Qc7 18. Ra3 {[%cal Ba1a3,Ba3b3,Bb3b5][%mdl 32]} Qxc5 19. Rb3 Rbc8 (19... b5 $17 20. axb5 a4) 20. g3 b6 21. Rb5 Qc6 22. e4 Rfd8 23. Bg5 Qb7 24. Re1 Rc2 25. Re2 {[#]} (25. Rd5 $11 {remains equal.} Rxd5 26. exd5) 25... Rd1+ ({Better is} 25... Rxe2 $1 $17 26. Qxe2 h6) 26. Kg2 $11 Rxe2 27. Qxe2 Rd4 28. b3 f5 29. Be3 $36 {[%mdl 2048] White has the initiative.} Qxe4+ 30. Qf3 Qxf3+ (30... Rd3 $1 $14) 31. Kxf3 $14 {[%mdl 4096] Endgame KRB-KRB} Rd3 (31... Rd1 $16 {is a better defense.}) 32. Ke2 $18 Rd7 (32... Rc3 $142 33. Bxb6 Rc2+ 34. Kf1 Rb2) 33. Bxb6 Rb7 34. Bxa5 Rxb5 (34... Rd7 $142 35. Bb6 Bc3) 35. axb5 {[%cal Ba4b5,Bb5b6][%mdl 32] KB-KB} Be5 36. f4 Bb8 (36... Bd6 $142 37. b6 Kf7) 37. Bd8 Kf7 38. b6 Ke8 39. Bc7 {White mates.} Bxc7 40. bxc7 {KP-KP} Kd7 41. Ke3 Kxc7 42. Kd4 Kd6 43. b4 Kc6 44. Ke5 Kb5 45. Ke6 Kxb4 46. Kxe7 {K3P-K3P} Kc5 47. Kf6 Kd6 48. Kg7 Ke6 49. Kxh7 {K3P-KPP} Kf6 50. Kh6 Kf7 51. Kg5 Kg7 52. h4 Kf7 53. h5 gxh5 54. Kxf5 h4 55. gxh4 {KP-KP} Kg7 56. Ke6 Kf8 57. f5 Ke8 58. h5 Kf8 59. Kf6 Kg8 60. Ke7 Kh7 61. f6 Kh8 62. f7 Kh7 63. f8=R {Accuracy: White = 58%, Black = 36%.} 1-0

[Event "Irish International Open 2019"]
[Site "Dublin"]
[Date "2019.04.17"]
[Round "1.24"]
[White "Whelan, Niall P."]
[Black "Buonanno, Raffaele"]
[Result "0-1"]
[WhiteElo "1620"]
[BlackElo "2091"]
[Annotator "NA RC"]
[PlyCount "103"]
[EventDate "2019.02.28"]
[EventType "swiss"]
[EventCountry "IRL"]
[SourceTitle "playchess.com"]
[Source "ChessBase"]
[SourceQuality "1"]
[TimeControl "5400+30"]

1. e4 {[%emt 0:00:00]} c5 {[%emt 0:00:29]} 2. Nf3 {[%emt 0:00:32]} e6 {[%emt 0:00:10]} 3. d4 {[%emt 0:01:45]} cxd4 {[%emt 0:00:21]} 4. Nxd4 {[%emt 0:00:02]} a6 {[%emt 0:00:08]} 5. Nc3 {[%emt 0:06:06]} Qc7 {[%emt 0:00:06]} 6. Bd3 {[%emt 0:01:51]} Nf6 {[%emt 0:00:59]} 7. a3 {[%emt 0:05:38]} b5 {[%emt 0:00:58] B43: Sicilian: Kan Variation: 5 Nc3} 8. Qe2 {[%emt 0:03:18]} (8. Nb3 Bb7 9. Qe2 Nc6 10. Be3 Ne5 11. f4 Nc4 12. Bxc4 bxc4 13. Nd2 Rc8 14. O-O Bc5 15. Kh1 Bxe3 16. Qxe3 {½-½ (67) Mezentsev,I (2298)-Markov,M (2368) Almaty 2019}) 8... d6 {[%emt 0:00:51]} 9. Bg5 {[%emt 0:05:43]} Be7 {[%emt 0:00:07]} 10. Rc1 $146 {[%emt 0:07:26]} ({Predecessor:} 10. O-O Nbd7 11. Kh1 Bb7 12. Be3 d5 13. exd5 Nxd5 14. Nxd5 Bxd5 15. c3 {1-0 (44) Komlosi,T (1894)-Molnar Saska,Z (1791) Hungary 2012}) 10... Bb7 {[%emt 0:02:10]} 11. O-O {[%emt 0:05:08]} O-O {[%emt 0:00:11]} 12. f4 {[%emt 0:07:42]} Nbd7 {[%emt 0:00:58]} 13. Nf3 {[%emt 0:06:33]} Nc5 {[%emt 0:02:20]} 14. e5 {[%emt 0:07:33]} dxe5 {[%emt 0:00:43]} 15. Nxe5 {[%emt 0:00:17]} Nxd3 {[%emt 0:00:39]} 16. Nxd3 {[%emt 0:00:56]} h6 {[%emt 0:07:53]} 17. Bxf6 {[%emt 0:05:56]} Bxf6 {[%emt 0:00:24]} 18. Ne5 {[%emt 0:00:14]} Rfd8 {[%emt 0:02:21]} 19. Rcd1 {[%emt 0:03:58]} Rac8 {[%emt 0:03:22]} 20. Rxd8+ {[%emt 0:02:34]} Rxd8 {[%emt 0:00:44]} 21. Rd1 {[%emt 0:00:06]} Qc5+ {[%emt 0:01:32]} 22. Kf1 {[%emt 0:01:01]} Rxd1+ {[%emt 0:02:15]} 23. Nxd1 {[%emt 0:00:10]} Qd4 {[%emt 0:00:51]} 24. Nd3 {[%emt 0:02:27]} Qd6 {[%emt 0:05:37]} 25. c3 {[%emt 0:05:08]} Bd5 {[%emt 0:02:21]} 26. Qe3 {[%emt 0:04:52]} Bc4 {[%emt 0:02:43]} 27. N1f2 {[%emt 0:00:26]} Bd8 {[%emt 0:00:11]} 28. Ke1 {[%emt 0:02:15]} Bb6 {[%emt 0:01:17]} 29. Qe5 {[%emt 0:00:45]} Qd8 {[%emt 0:01:31]} 30. Nc5 {[%emt 0:04:53]} f6 {[%emt 0:05:31]} 31. Qd4 {[%emt 0:00:35]} Qa8 {[%emt 0:03:54]} 32. Qe4 {[%emt 0:02:46]} Bd5 {[%emt 0:01:56]} 33. Qe3 {[%emt 0:00:11]} Bxc5 {[%emt 0:00:57]} 34. Qxc5 {[%emt 0:00:02]} Bxg2 {[%emt 0:00:06]} (34... Bc4 $142 35. Kd2 Qxg2) 35. Qb6 {[%emt 0:00:34]} Bd5 {[%emt 0:00:21]} 36. Nd3 {[%emt 0:01:54]} (36. Qe3 $142) 36... Bc4 {[%emt 0:00:14]} 37. Nf2 {[%emt 0:01:09]} Qf3 {[%emt 0:00:17]} 38. Qd8+ {[%emt 0:00:41]} Kh7 {[%emt 0:00:06]} 39. Qd2 {[%emt 0:00:13]} e5 {[%emt 0:00:41]} 40. fxe5 {[%emt 0:01:19] [#]} fxe5 {[%emt 0:00:13]} ({Black should try} 40... f5 $1 $19 41. h4 Kg6) 41. Qc2+ {[%emt 0:00:36]} Kh8 {[%emt 0:03:06]} 42. b3 $2 {[%emt 0:00:54]} (42. Qe4 $17 Qf6 43. Nd3) 42... Qe3+ {[%emt 0:00:35]} 43. Kd1 {[%emt 0:00:13]} Bd5 {[%emt 0:01:00]} 44. Qd2 {[%emt 0:03:42]} Bxb3+ {[%emt 0:00:06]} 45. Kc1 {[%emt 0:00:00]} Qf3 {[%emt 0:02:01]} 46. Qd8+ {[%emt 0:00:12]} Bg8 {[%emt 0:00:06]} 47. Qh4 {[%emt 0:00:38]} (47. Qd2 $19) 47... Qxc3+ {[%emt 0:00:12]} (47... Qe3+ $142 48. Kc2 Qe2+ 49. Kb1 Qe1+ 50. Kb2 Qd2+ 51. Kb1 Ba2+ 52. Ka1 Bb3 53. Qd8+ Qxd8 54. Kb2 Ba4 55. Ne4 Qd5 56. Ng5 Qd2+ {[%mdl 64] Double Attack} 57. Kb1 hxg5 58. Ka1 Bb3 59. Kb1 Qc2+ 60. Ka1 Qc1#) 48. Kd1 {[%emt 0:00:14]} Qa1+ {[%emt 0:02:00]} 49. Ke2 {[%emt 0:01:40]} Bc4+ {[%emt 0:00:29]} 50. Kf3 {[%emt 0:00:15]} Qxa3+ {[%emt 0:00:07]} 51. Kg2 {[%emt 0:00:15]} Bd5+ {[%emt 0:00:04]} 52. Kf1 $19 {[%emt 0:00:22]} 0-1

[Event "Irish International Open 2019"]
[Site "Dublin"]
[Date "2019.04.17"]
[Round "1.25"]
[White "Schut, Han"]
[Black "Harrington, Eoin"]
[Result "1-0"]
[WhiteElo "2173"]
[BlackElo "1585"]
[Annotator "TA"]
[PlyCount "71"]
[EventDate "2019.02.28"]
[EventType "swiss"]
[EventCountry "IRL"]
[SourceTitle "playchess.com"]
[Source "ChessBase"]
[SourceQuality "1"]

{[%evp 10,71,20,14,47,37,72,37,59,27,63,45,89,78,64,60,81,57,99,89,91,97,98,81,83,78,94,81,208,195,188,185,207,198,235,193,264,239,248,245,245,246,249,247,346,375,361,287,394,383,394,342,447,327,616,619,587,589,686,411,944,928,1343,1317]} 1. e4 c5 2. Nf3 d6 3. d4 cxd4 4. Nxd4 Nf6 5. f3 Nc6 6. c4 e5 {B55: Sicilian: 2...d6 3 d4 cxd4 4 Nxd4 Nf6 5 f3} (6... e6 7. Nc3 Be7 8. Be3 O-O 9. Be2 d5 10. exd5 exd5 11. c5 Re8 12. Qd2 Bxc5 13. Nxc6 Bxe3 14. Nxd8 Bxd2+ 15. Kxd2 Rxd8 16. Rhd1 d4 17. Nb5 a6 {1-0 (50) McShane,L (2664)-Jones,G (2682) London 2018}) 7. Nc2 Be6 8. Be3 Rc8 $146 {White is slightly better.} ({Predecessor:} 8... Be7 9. Be2 Qc7 10. Nc3 a6 11. O-O O-O 12. b3 Rad8 13. Na4 Qb8 {1-0 (50) Grabin,I-Piskunov,R Dagomys 2009}) 9. Qd2 Be7 10. Be2 Nd7 11. O-O O-O 12. Nc3 a6 13. Rfd1 Nb6 14. b3 f5 15. exf5 Bxf5 16. Rac1 Kh8 17. Bd3 Bxd3 18. Qxd3 Bg5 (18... Nd7 $16) 19. Bxg5 Qxg5 20. Ne4 {[%mdl 64] [#] Double Attack} ({Much less strong is} 20. Qxd6 $6 Rxf3 21. Ne4 Qg4 $16) 20... Qh5 21. Nxd6 {Hoping for Qe3.} Rcd8 22. Qe3 Nd4 (22... Qg6 {keeps fighting.} 23. Qc5 (23. Qxb6 Rxd6 24. Rxd6 Qxd6 $16) 23... Nd7) 23. Nxd4 {And now Ne6 would win.} Rxd6 24. Ne2 Rh6 25. h3 Rg6 {intending ...Qxh3.} 26. Kh2 h6 (26... Re6 {was worth a try.} 27. Ng3 Qe8) 27. c5 $18 Nc8 28. Rd5 Rg5 29. Rcd1 {[%cal Bc1d1,Bd1d3,Bd3d7][%mdl 32]} Qg6 30. g4 {[#] Black must now prevent h4.} Qf6 31. R1d3 Na7 $2 (31... e4) 32. Rd6 Qf7 33. Rd7 Qe8 34. h4 e4 (34... Rg6 $142 35. Qe4 (35. Rxb7 e4 $16) 35... Rgf6 36. Rxb7 Qc6 37. Rxa7 Qxe4 38. fxe4 Rf2+ 39. Kh3 Rxe2 40. Rxa6 Kh7) 35. Rd8 Qf7 36. R3d7 {Accuracy: White = 68%, Black = 11%.} 1-0

[Event "Irish International Open 2019"]
[Site "Dublin"]
[Date "2019.04.17"]
[Round "1.27"]
[White "Murray, David"]
[Black "Murray, Sam"]
[Result "1-0"]
[WhiteElo "2152"]
[BlackElo "1554"]
[Annotator "NA RC"]
[PlyCount "61"]
[EventDate "2019.02.28"]
[EventType "swiss"]
[EventCountry "IRL"]
[SourceTitle "playchess.com"]
[Source "ChessBase"]
[SourceQuality "1"]
[TimeControl "5400+30"]

1. e4 {[%emt 0:00:00]} e6 {[%emt 0:00:00]} 2. d4 {[%emt 0:00:00]} d5 {[%emt 0:00:02]} 3. Nd2 {[%emt 0:00:00]} dxe4 {[%emt 0:00:33]} 4. Nxe4 {[%emt 0:00:02]} Nd7 {[%emt 0:00:03]} 5. c4 {[%emt 0:01:00]} Ngf6 {[%emt 0:00:21]} 6. Nc3 {[%emt 0:00:16] C10: French with 3 Nc3: Unusual Black 3rd moves and 3...dxe4} Bb4 {[%emt 0:00:42]} (6... b6 7. Nf3 Bb7 8. Be2 Bd6 9. O-O O-O 10. Nb5 Re8 11. Bg5 h6 12. Bh4 Bf4 13. Bg3 Bxg3 14. hxg3 {½-½ (29) Bartel,M (2618)-Grachev,B (2652) Khanty-Mansiysk 2009}) 7. Bd3 {[%emt 0:01:30]} O-O {[%emt 0:00:19]} 8. Nf3 {[%emt 0:00:46]} c5 {[%emt 0:01:01]} 9. a3 {[%emt 0:02:08]} Bxc3+ {[%emt 0:01:56]} 10. bxc3 {[%emt 0:00:08]} b6 {[%emt 0:00:29]} 11. O-O {[%emt 0:02:38]} Bb7 {[%emt 0:01:43]} 12. Re1 $146 {[%emt 0:01:09]} ({Predecessor:} 12. Bf4 Rc8 13. Qe2 {1-0 (41) Wojciechowski,P (2279)-Parczewski,J (2023) Warsaw 2009}) 12... Re8 {[%emt 0:01:25]} 13. a4 {[%emt 0:02:19]} Qc7 {[%emt 0:03:08]} 14. Ne5 {[%emt 0:01:52]} Nxe5 {[%emt 0:04:20]} 15. dxe5 {[%emt 0:00:38]} Qc6 {[%emt 0:01:43]} 16. f3 {[%emt 0:00:30]} Nd7 {[%emt 0:00:29]} 17. Qc2 {[%emt 0:02:23]} Nf8 {[%emt 0:00:17]} 18. Qf2 {[%emt 0:04:51]} Rad8 {[%emt 0:02:31]} 19. Bc2 {[%emt 0:01:57]} Qc7 {[%emt 0:06:40]} 20. a5 {[%emt 0:06:18]} Bc6 {[%emt 0:03:54]} 21. Bg5 {[%emt 0:01:30]} Rd7 {[%emt 0:03:04]} 22. Qg3 {[%emt 0:03:47]} Ng6 {[%emt 0:04:05]} 23. h4 {[%emt 0:03:07]} f6 {[%emt 0:08:06]} 24. Bxg6 {[%emt 0:02:54]} hxg6 {[%emt 0:00:07]} 25. Bf4 {[%emt 0:00:17]} f5 {[%emt 0:01:47]} 26. Qxg6 {[%emt 0:02:02]} Rd3 {[%emt 0:02:00]} 27. axb6 {[%emt 0:02:10]} axb6 {[%emt 0:00:18]} 28. Ra3 {[%emt 0:01:28]} Qd7 {[%emt 0:02:52]} 29. Rea1 {[%emt 0:07:42]} Rxc3 {[%emt 0:03:10]} 30. Ra7 {[%emt 0:08:36]} Bb7 {[%emt 0:02:33] [#]} 31. Rxb7 {[%emt 0:00:54] NOTEXT-4834} 1-0

[Event "Irish International Open 2019"]
[Site "Dublin"]
[Date "2019.04.18"]
[Round "2.1"]
[White "Melaugh, Shane"]
[Black "Epishin, Vladimir"]
[Result "0-1"]
[WhiteElo "2105"]
[BlackElo "2568"]
[Annotator "ChessBase"]
[PlyCount "136"]
[EventDate "2019.02.28"]
[EventType "swiss"]
[EventCountry "IRL"]
[SourceTitle "playchess.com"]
[Source "ChessBase"]
[SourceQuality "1"]
[TimeControl "5400+30"]

1. c4 {[%emt 0:00:00]} e6 {[%emt 0:00:47]} 2. Nc3 {[%emt 0:00:00]} Bb4 {[%emt 0:01:02]} 3. d4 {[%emt 0:02:19]} f5 {[%emt 0:04:28]} 4. g3 {[%emt 0:09:19]} Nf6 {[%emt 0:02:39]} 5. Bg2 {[%emt 0:00:05]} Ne4 {[%emt 0:03:51]} 6. Qd3 {[%emt 0:01:02]} d5 {[%emt 0:00:23]} 7. cxd5 {[%emt 0:03:36]} exd5 {[%emt 0:01:14]} 8. Nh3 {[%emt 0:00:14]} c6 {[%emt 0:03:04]} 9. O-O {[%emt 0:00:24]} O-O {[%emt 0:00:37]} 10. f3 {[%emt 0:02:07]} Nd6 {[%emt 0:01:57]} 11. Nf4 {[%emt 0:03:20]} Re8 {[%emt 0:04:24]} 12. a3 {[%emt 0:05:35]} Ba5 {[%emt 0:02:38]} 13. b4 {[%emt 0:01:39]} Bb6 {[%emt 0:00:04]} 14. Be3 {[%emt 0:04:32]} Nd7 {[%emt 0:01:31]} 15. Bf2 {[%emt 0:00:18]} Nf8 {[%emt 0:00:55]} 16. e4 {[%emt 0:01:16]} dxe4 {[%emt 0:12:11]} 17. fxe4 {[%emt 0:03:05]} fxe4 {[%emt 0:05:15]} 18. Nxe4 {[%emt 0:00:39]} Ne6 {[%emt 0:11:20]} 19. Nxe6 {[%emt 1:00:00]} Bxe6 {[%emt 0:00:54]} 20. Rac1 {[%emt 0:00:00]} Bd5 {[%emt 0:01:42]} 21. Nc5 {[%emt 0:00:00]} Qg5 {[%emt 0:06:12]} 22. Rfe1 {[%emt 0:00:00]} Bxg2 {[%emt 0:02:57]} 23. Kxg2 {[%emt 0:00:00]} Qd5+ {[%emt 0:00:39]} 24. Qf3 {[%emt 0:00:00]} Qxf3+ {[%emt 0:05:43]} 25. Kxf3 {[%emt 0:00:00]} Rad8 {[%emt 0:00:35]} 26. Re5 {[%emt 0:00:00]} Bxc5 {[%emt 0:04:50]} 27. Rxe8+ {[%emt 0:00:00]} Nxe8 {[%emt 0:00:10]} 28. bxc5 {[%emt 0:00:00]} Nf6 {[%emt 0:00:03]} 29. Rb1 {[%emt 0:00:00]} Rd7 {[%emt 0:00:10]} 30. g4 {[%emt 0:00:00]} Rf7 {[%emt 0:02:30]} 31. Bg3 {[%emt 0:00:00]} Nd5+ {[%emt 0:01:50]} 32. Kg2 {[%emt 0:00:00]} Ne3+ {[%emt 0:02:01]} 33. Kh3 {[%emt 0:00:00]} Nc2 {[%emt 0:02:22]} 34. Rd1 {[%emt 0:00:00]} Rd7 {[%emt 0:03:38]} 35. Rd3 {[%emt 0:00:00]} Kf7 {[%emt 0:04:51]} 36. Be5 {[%emt 0:00:00]} Ke6 {[%emt 0:00:17]} 37. a4 {[%emt 0:00:00]} Kd5 {[%emt 0:00:42]} 38. Rc3 {[%emt 0:00:00]} Nxd4 {[%emt 0:00:39]} 39. Bxd4 {[%emt 0:00:00]} Kxd4 {[%emt 0:00:01]} 40. Rc1 {[%emt 0:00:00]} Re7 {[%emt 0:01:57]} 41. Kg3 {[%emt 0:00:00]} g5 {[%emt 0:00:51]} 42. a5 {[%emt 0:00:00]} a6 {[%emt 0:01:49]} 43. Kf3 {[%emt 0:00:00]} h6 {[%emt 0:00:24]} 44. Rc2 {[%emt 0:00:00]} Re3+ {[%emt 0:00:59]} 45. Kf2 {[%emt 0:00:11]} Rh3 {[%emt 0:01:01]} 46. Kf1 {[%emt 0:00:35]} Rb3 {[%emt 0:01:13]} 47. Rf2 {[%emt 0:00:33]} Rb5 {[%emt 0:01:02]} 48. Rf6 {[%emt 0:00:12]} Rxa5 {[%emt 0:00:21]} 49. Rxh6 {[%emt 0:00:07]} Rxc5 {[%emt 0:00:04]} 50. h4 {[%emt 0:00:32]} gxh4 {[%emt 0:00:35]} 51. Rxh4 {[%emt 0:00:02]} Ke4 {[%emt 0:01:03]} 52. g5+ {[%emt 0:00:54]} Kf5 {[%emt 0:00:55]} 53. Rh7 {[%emt 0:00:07]} Rb5 {[%emt 0:00:45]} 54. Rg7 {[%emt 0:00:08]} a5 {[%emt 0:00:09]} 55. Rg8 {[%emt 0:00:06]} a4 {[%emt 0:00:13]} 56. g6 {[%emt 0:00:05]} Kf6 {[%emt 0:00:22]} 57. g7 {[%emt 0:00:09]} Kf7 {[%emt 0:00:07]} 58. Ra8 {[%emt 0:00:04]} Kxg7 {[%emt 0:00:09]} 59. Rxa4 {[%emt 0:00:04]} Kf6 {[%emt 0:00:14]} 60. Ke2 {[%emt 0:00:04]} Ke5 {[%emt 0:00:11]} 61. Kd3 {[%emt 0:00:04]} Rd5+ {[%emt 0:00:13]} 62. Kc3 {[%emt 0:00:07]} Kd6 {[%emt 0:00:10]} 63. Ra8 {[%emt 0:00:13]} b5 {[%emt 0:00:08]} 64. Rh8 {[%emt 0:00:10]} Re5 {[%emt 0:00:16]} 65. Rh4 {[%emt 0:00:09]} c5 {[%emt 0:00:21]} 66. Rh8 {[%emt 0:00:06]} Re3+ {[%emt 0:00:09]} 67. Kc2 {[%emt 0:00:07]} b4 {[%emt 0:00:17]} 68. Rh5 {[%emt 0:00:04]} Kc6 {[%emt 0:00:10]} 0-1

[Event "Irish International Open 2019"]
[Site "Dublin"]
[Date "2019.04.18"]
[Round "2.2"]
[White "Saric, Ante"]
[Black "Murray, David"]
[Result "1-0"]
[WhiteElo "2530"]
[BlackElo "2152"]
[Annotator "ChessBase"]
[PlyCount "65"]
[EventDate "2019.02.28"]
[EventType "swiss"]
[EventCountry "IRL"]
[SourceTitle "playchess.com"]
[Source "ChessBase"]
[SourceQuality "1"]
[TimeControl "5400+30"]

1. Nf3 {[%emt 0:00:00]} Nf6 {[%emt 0:07:03]} 2. c4 {[%emt 0:00:00]} c5 {[%emt 0:00:13]} 3. Nc3 {[%emt 0:00:08]} Nc6 {[%emt 0:00:15]} 4. g3 {[%emt 0:00:07]} d5 {[%emt 0:02:23]} 5. d4 {[%emt 0:00:09]} cxd4 {[%emt 0:02:26]} 6. Nxd4 {[%emt 0:00:08]} dxc4 {[%emt 0:05:41]} 7. Nxc6 {[%emt 0:00:11]} Qxd1+ {[%emt 0:00:14]} 8. Nxd1 {[%emt 0:00:30]} bxc6 {[%emt 0:00:06]} 9. Bg2 {[%emt 0:00:35]} Nd5 {[%emt 0:02:39]} 10. Ne3 {[%emt 0:00:22]} e6 {[%emt 0:02:40]} 11. Nxc4 {[%emt 0:00:56]} Ba6 {[%emt 0:01:53]} 12. b3 {[%emt 0:02:00]} Bb4+ {[%emt 0:03:34]} 13. Bd2 {[%emt 0:00:16]} O-O {[%emt 0:02:49]} 14. Rc1 {[%emt 0:05:54]} Bxd2+ {[%emt 0:09:26]} 15. Nxd2 {[%emt 0:02:34]} Nf6 {[%emt 0:14:51]} 16. Nc4 {[%emt 0:06:45]} Rac8 {[%emt 0:08:43]} 17. Na5 {[%emt 0:09:41]} c5 {[%emt 0:02:03]} 18. Nc6 {[%emt 0:12:01]} Rc7 {[%emt 0:00:56]} 19. Rxc5 {[%emt 0:02:51]} Rfc8 {[%emt 0:06:36]} 20. O-O {[%emt 0:08:10]} Kf8 {[%emt 0:02:51]} 21. b4 {[%emt 0:07:38]} Bxe2 {[%emt 0:03:33]} 22. Re1 {[%emt 0:05:32]} Ba6 {[%emt 0:01:03]} 23. Ra5 {[%emt 0:03:38]} Bb7 {[%emt 0:08:36]} 24. Nxa7 {[%emt 0:09:09]} Rc1 {[%emt 0:01:46]} 25. Kf1 {[%emt 0:03:09]} Bxg2+ {[%emt 0:02:22]} 26. Kxg2 {[%emt 0:01:51]} Rxe1 {[%emt 0:00:39]} 27. Nxc8 {[%emt 0:00:03]} Rb1 {[%emt 0:01:48]} 28. b5 {[%emt 0:00:35]} Nd5 {[%emt 0:01:19]} 29. a4 {[%emt 0:00:55]} Ke8 {[%emt 0:00:41]} 30. Ra7 {[%emt 0:00:52]} Kd8 {[%emt 0:01:30]} 31. Nd6 {[%emt 0:00:29]} Rb4 {[%emt 0:00:56]} 32. Nxf7+ {[%emt 0:01:06]} Kc8 {[%emt 0:00:15]} 33. Nd6+ {[%emt 0:00:31]} 1-0